[Event "Women's National Chess Championship 2015"]
[Site "SLIIT,Malambe"]
[Date "2015.07.10"]
[Round "7"]
[Board "6"]
[White "Wickramasinghe, Dilhara Ishini"]
[Black "Udupitiya, U G S S S"]
[Result "0-1"]
[WhiteElo "1674"]
[BlackElo "1647"]
[PlyCount "102"]
[EventDate "2015.07.04"]
[EventRounds "13"]
[EventCountry "SRI"]

1. d4 Nf6 2. c4 e6 3. a3 b6 4. Nc3 Bb7 5. d5 d6 6. e4 Be7 7. Nf3 e5 8. Bd3 O-O
9. O-O a5 10. Rb1 Bc8 11. h3 h6 12. b4 Nbd7 13. Be3 Re8 14. Qc2 Nh7 15. Qd2 Ng5
16. Nxg5 Bxg5 17. Bxg5 hxg5 18. Rfc1 g6 19. Qc2 Kg7 20. g4 Rh8 21. Bf1 Qf6 22.
Ne2 Qe7 23. Rb3 Bb7 24. Bg2 Qf6 25. Rd1 Qd8 26. Rc3 Qe7 27. Nc1 Ra7 28. Nb3 a4
29. Nc1 Rd8 30. Nd3 c5 31. dxc6 Bxc6 32. Nb2 Nf6 33. Qe2 Rb8 34. Rd2 b5 35. c5
Rd7 36. cxd6 Rxd6 37. Rxd6 Qxd6 38. Qc2 Rc8 39. Qc1 Nh7 40. Bf1 Qd4 41. Rxc6
Rxc6 42. Qxc6 Qxb2 43. Qxb5 Qxa3 44. Qxe5+ Nf6 45. b5 Qb3 46. Qxg5 a3 47. e5
Nd5 48. Qc1 a2 49. e6 Qb1 50. Qd2 a1=Q 51. Qxd5 Qxf1+ 0-1

[Event "Women's National Chess Championship 2015"]
[Site "SLIIT,Malambe"]
[Date "2015.07.10"]
[Round "7"]
[Board "7"]
[White "Premanath, Dinushki"]
[Black "Methmani, Nelunika"]
[Result "1/2-1/2"]
[WhiteElo "1833"]
[BlackElo "1768"]
[PlyCount "90"]
[EventDate "2015.07.04"]
[EventRounds "13"]
[EventCountry "SRI"]

1. e4 c5 2. Nf3 Nc6 3. d4 cxd4 4. Nxd4 Qb6 5. Nb3 Nf6 6. Nc3 e6 7. Be3 Qc7 8.
a3 a6 9. Be2 Be7 10. O-O O-O 11. f4 d6 12. a4 b6 13. Bf3 Bb7 14. Qe1 Nd7 15.
Kh1 Rfe8 16. Qf2 Bf6 17. Bd4 Nxd4 18. Nxd4 Qc4 19. e5 Bxf3 20. Nxf3 dxe5 21.
fxe5 Bxe5 22. Nd2 Qc7 23. Qxf7+ Kh8 24. Nde4 Bxh2 25. Qh5 Bf4 26. Rad1 e5 27.
Qf5 Nc5 28. Nd5 Qc6 29. Nxf4 exf4 30. Nxc5 Qxc5 31. Qxc5 bxc5 32. Rxf4 Rab8 33.
b3 Re2 34. Rc4 h6 35. Rxc5 Rf8 36. c4 Rff2 37. Rg1 Rb2 38. Rc8+ Kh7 39. Rb8
Rfc2 40. Rb6 Rxc4 41. bxc4 Rxb6 42. a5 Rc6 43. Rc1 Rc5 44. Kg1 Rxa5 45. c5 Rb5
 1/2-1/2

[Event "Women's National Chess Championship 2015"]
[Site "SLIIT,Malambe"]
[Date "2015.07.10"]
[Round "8"]
[Board "1"]
[White "Kodikara, K K M Sachintha"]
[Black "Methmani, Nelunika"]
[Result "1-0"]
[WhiteElo "1505"]
[BlackElo "1768"]
[PlyCount "147"]
[EventDate "2015.07.04"]
[EventRounds "13"]
[EventCountry "SRI"]

1. d4 Nf6 2. Nf3 d5 3. Bf4 c5 4. c3 Nc6 5. e3 Qb6 6. Qb3 c4 7. Qxb6 axb6 8. a3
b5 9. Ne5 Nxe5 10. Bxe5 e6 11. Nd2 b4 12. cxb4 Bxb4 13. Rc1 Ba5 14. f3 O-O 15.
Ke2 b5 16. Nb1 Nd7 17. Nc3 Ba6 18. Kf2 Rac8 19. Be2 Rc6 20. Bf4 f6 21. Bg3 Nb6
22. Rhd1 Na4 23. b4 Bb6 24. Rd2 Bc7 25. Bxc7 Rxc7 26. Bd1 Nxc3 27. Rxc3 Rb8 28.
f4 Bb7 29. Bf3 Rd8 30. g3 Kf7 31. Kg2 Bc6 32. Rd1 Ra7 33. Rd2 Rda8 34. Ra2 Ra4
35. Bd1 Rxb4 36. Rc1 e5 37. fxe5 Bd7 38. Rca1 Rba4 39. Bxa4 Rxa4 40. exf6 Kxf6
41. Rb2 Ra5 42. Kf2 Bg4 43. Rb4 c3 44. Ke1 Kf5 45. Rb3 c2 46. Kd2 Bd1 47. Kc1
Ke4 48. Ra2 g5 49. Rab2 b4 50. Ra2 g4 51. Rbb2 bxa3 52. Rb3 Kf3 53. Rbxa3 Rb5
54. Rb2 Rxb2 55. Kxb2 Kg2 56. e4 dxe4 57. d5 e3 58. Rxe3 Bf3 59. d6 Bc6 60.
Re2+ Kg1 61. Rxc2 Bb5 62. Kc3 h5 63. Kd4 Ba4 64. Ra2 Bb3 65. Rb2 Ba4 66. Ke5
Bc6 67. Ke6 Bg2 68. d7 Kxh2 69. d8=Q Kxg3 70. Qd3+ Bf3 71. Qd6+ Kh4 72. Qh2+
Kg5 73. Rb5+ Kg6 74. Qxh5+ 1-0

[Event "Women's National Chess Championship 2015"]
[Site "SLIIT,Malambe"]
[Date "2015.07.10"]
[Round "8"]
[Board "2"]
[White "Udupitiya, U G S S S"]
[Black "Premanath, Dinushki"]
[Result "1-0"]
[WhiteElo "1647"]
[BlackElo "1833"]
[PlyCount "105"]
[EventDate "2015.07.04"]
[EventRounds "13"]
[EventCountry "SRI"]

1. e4 d6 2. d4 Nf6 3. Nc3 g6 4. f3 c6 5. Bc4 b5 6. Bb3 Qc7 7. Be3 Bg7 8. a3 a6
9. Nge2 Nbd7 10. Qd2 h5 11. O-O Bb7 12. Kh1 c5 13. h3 cxd4 14. Nxd4 Ne5 15. a4
Nc4 16. Bxc4 bxc4 17. a5 O-O 18. Na4 Nd7 19. Nb6 Nxb6 20. axb6 Qd7 21. c3 d5
22. Qe2 e5 23. Nc2 dxe4 24. Rad1 Qe6 25. f4 f5 26. fxe5 Bxe5 27. Nd4 Qf7 28.
Bf4 Bxf4 29. Rxf4 Rac8 30. Qe3 Qf6 31. Qg3 Kh7 32. Nxf5 gxf5 33. Rh4 Qg6 34.
Rd7+ Rf7 35. Rxf7+ Qxf7 36. Qg5 Qg7 37. Rxh5+ Kg8 38. Qxf5 Rf8 39. Qe6+ Rf7 40.
h4 Kf8 41. Qd6+ Re7 42. Rf5+ Ke8 43. Qb8+ Kd7 44. Qxb7+ Kd8 45. Qb8+ Kd7 46.
Rd5+ Ke6 47. Qd6+ Kf7 48. Rf5+ Ke8 49. Qc6+ Rd7 50. b7 Qg3 51. Qe6+ Kd8 52.
Rf8+ Kc7 53. b8=Q# 1-0

[Event "Women's National Chess Championship 2015"]
[Site "SLIIT,Malambe"]
[Date "2015.07.10"]
[Round "8"]
[Board "3"]
[White "Ranasinghe, S D"]
[Black "Wickramasinghe, Dilhara Ishini"]
[Result "0-1"]
[WhiteElo "1783"]
[BlackElo "1674"]
[PlyCount "129"]
[EventDate "2015.07.04"]
[EventRounds "13"]
[EventCountry "SRI"]

1. Nf3 Nf6 2. g3 g6 3. Bg2 Bg7 4. O-O O-O 5. c4 d6 6. Nc3 e5 7. d3 Nh5 8. Rb1
f5 9. Bg5 Bf6 10. Bxf6 Nxf6 11. b4 Qe7 12. Qc1 Nc6 13. Re1 Kg7 14. b5 Nd8 15.
e4 fxe4 16. Nxe4 Nxe4 17. Rxe4 Bf5 18. Re3 Qf6 19. Qe1 h6 20. Nh4 Be6 21. Rf3
Bf5 22. Nxf5+ gxf5 23. Re3 Rf7 24. f4 exf4 25. gxf4 Kh7 26. Kh1 c6 27. a4 Rc8
28. Qf2 Rcc7 29. Rbe1 a6 30. Bf3 Rfe7 31. Qd2 Rxe3 32. Qxe3 Rg7 33. bxa6 bxa6
34. Rg1 Rxg1+ 35. Qxg1 Qe7 36. Bh5 Qe6 37. Bf3 Qe7 38. Qf1 Kg8 39. Qg1+ Kh7 40.
Qf2 Kg8 41. Kg2 Kh7 42. Qb6 Qg7+ 43. Kf2 Ne6 44. Bxc6 Nxf4 45. Qe3 Ng6 46. Bf3
Qd7 47. Be2 Qg7 48. d4 Nh4 49. Bf1 Ng6 50. Bh3 Qf6 51. Ke2 f4 52. Qe4 Kg7 53.
Bf5 Ne7 54. Bg4 Ng6 55. Bh5 Ne7 56. Kf3 Qg5 57. Bg4 Ng6 58. Qb7+ Kh8 59. Qd7
Nh4+ 60. Kf2 h5 61. Qxd6 Kg7 62. Qc7+ Kh6 63. Bf3 Ng6 64. Ke2 Qh4 65. h3 {poor
recording} 0-1

[Event "Women's National Chess Championship 2015"]
[Site "SLIIT,Malambe"]
[Date "2015.07.10"]
[Round "8"]
[Board "4"]
[White "Mendis, Dasuni Hansika"]
[Black "De Silva, Chamindra"]
[Result "1-0"]
[WhiteElo "1697"]
[BlackElo "1544"]
[PlyCount "135"]
[EventDate "2015.07.04"]
[EventRounds "13"]
[EventCountry "SRI"]

1. d4 Nf6 2. c4 e6 3. Nf3 d5 4. cxd5 exd5 5. Nc3 c6 6. Bg5 h6 7. Bh4 Bf5 8. Qb3
Bc8 9. e3 Be7 10. Bd3 b6 11. O-O Bb7 12. Rac1 Nbd7 13. Bg3 O-O 14. Bb1 Re8 15.
Qc2 Rc8 16. Ne5 Nf8 17. Qa4 a6 18. Bf5 b5 19. Qc2 Ne6 20. Ne2 c5 21. Nxf7 Kxf7
22. Bxe6+ Kxe6 23. Nf4+ Kd7 24. Qf5+ Kc6 25. Ne6 Qd7 26. dxc5 Bxc5 27. Qc2 Qxe6
28. Qxc5+ Kd7 29. Qa7 Ke7 30. Qxb7+ Kf8 31. Rc7 Rxc7 32. Qxc7 Rc8 33. Qd6+ Qxd6
34. Bxd6+ Kf7 35. f3 Ke6 36. Bb4 g6 37. Bc3 h5 38. Rd1 Ne8 39. Kf2 Nd6 40. Re1
Rc6 41. Re2 Kf5 42. Bb4 Ke6 43. Bxd6 Kxd6 44. e4 dxe4 45. Rxe4 Rc2+ 46. Re2
Rxe2+ 47. Kxe2 Ke5 48. Ke3 g5 49. g3 Kd5 50. f4 gxf4+ 51. gxf4 a5 52. h4 a4 53.
Kd3 b4 54. b3 axb3 55. axb3 Ke6 56. Ke4 Kf6 57. f5 Kf7 58. Ke5 Ke7 59. f6+ Kf7
60. Kf5 Kf8 61. Kg6 Kg8 62. Kxh5 Kf7 63. Kg5 Kf8 64. Kg6 Kg8 65. f7+ Kf8 66. h5
Ke7 67. Kg7 Ke6 68. f8=Q 1-0

[Event "Women's National Chess Championship 2015"]
[Site "SLIIT,Malambe"]
[Date "2015.07.10"]
[Round "8"]
[Board "5"]
[White "Askey, Roshell Nathasha"]
[Black "Abeysinghe, H M H Janandani"]
[Result "1-0"]
[WhiteElo "1606"]
[BlackElo "1519"]
[PlyCount "61"]
[EventDate "2015.07.04"]
[EventRounds "13"]
[EventCountry "SRI"]

1. e4 c5 2. Nf3 d6 3. d4 cxd4 4. Nxd4 Nf6 5. Nc3 g6 6. Be3 Bg7 7. f3 Nc6 8. Qd2
O-O 9. Bc4 Bd7 10. O-O-O Rb8 11. g4 b5 12. Nxc6 Bxc6 13. Bb3 a5 14. h4 a4 15.
Bd5 Nxd5 16. Nxd5 Bxd5 17. Qxd5 b4 18. h5 e6 19. Qxd6 Qf6 20. Bd4 Qxf3 21. Bxg7
Qe3+ 22. Kb1 Kxg7 23. h6+ Kf6 24. g5+ Kxg5 25. Qe5+ Kg4 26. Rdg1+ Qxg1+ 27.
Rxg1+ Kf3 28. Rg3+ Ke2 29. Qd4 Rbd8 30. Qe3+ Kf1 31. Rg1# 1-0

[Event "Women's National Chess Championship 2015"]
[Site "SLIIT,Malambe"]
[Date "2015.07.10"]
[Round "8"]
[Board "6"]
[White "Gamage, Nethmi Nirasha"]
[Black "Saumy, Zainab"]
[Result "1/2-1/2"]
[WhiteElo "1580"]
[BlackElo "1570"]
[PlyCount "88"]
[EventDate "2015.07.04"]
[EventRounds "13"]
[EventCountry "SRI"]

1. d4 Nf6 2. c4 g6 3. Nc3 Bg7 4. e4 d6 5. Nf3 O-O 6. Be2 e5 7. d5 a5 8. Bg5 h6
9. Bh4 Na6 10. Nd2 Bd7 11. a3 h5 12. f3 Qe8 13. b3 Nh7 14. Rb1 f5 15. Bf2 Bh6
16. b4 axb4 17. axb4 b6 18. O-O f4 19. c5 bxc5 20. Bxa6 Rxa6 21. bxc5 Ra8 22.
cxd6 cxd6 23. Nc4 Rf6 24. Nb6 Rd8 25. Nxd7 Qxd7 26. Rb6 g5 27. Qb3 g4 28. Nb5
gxf3 29. Qxf3 Qf7 30. Bh4 Bg5 31. Bf2 Rh6 32. Rc1 Be7 33. Rc7 Ng5 34. Qd3 f3
35. h4 Nh7 36. Rbb7 Re8 37. gxf3 Rf6 38. Rc3 Qg6+ 39. Kf1 Rf4 40. Nc7 Rc8 41.
Ne6 Rxc3 42. Qxc3 Rf7 43. Rb8+ Nf8 44. Nxf8 Bxf8 1/2-1/2

[Event "Women's National Chess Championship 2015"]
[Site "SLIIT,Malambe"]
[Date "2015.07.10"]
[Round "8"]
[Board "7"]
[White "Peiris, H Pevinya"]
[Black "Rajapaksa, Miyuni Kavinya"]
[Result "1-0"]
[WhiteElo "1607"]
[BlackElo "1591"]
[PlyCount "135"]
[EventDate "2015.07.04"]
[EventRounds "13"]
[EventCountry "SRI"]

1. Nf3 d5 2. b3 Nc6 3. Bb2 Bg4 4. e3 Qd7 5. Bb5 a6 6. Be2 f6 7. d4 O-O-O 8.
Nbd2 e6 9. a3 g5 10. b4 Na7 11. c4 h5 12. Rc1 Kb8 13. c5 Bf5 14. a4 Ne7 15. Qb3
c6 16. Nb1 Bxb1 17. Rxb1 g4 18. Nd2 Ng6 19. Bc3 Be7 20. b5 cxb5 21. axb5 Nxb5
22. Bxb5 axb5 23. Ba5 Rdg8 24. Bb6 Bd8 25. Qa3 Qc6 26. Qa5 Ne7 27. Ra1 Kc8 28.
Ke2 Kd7 29. Rhc1 Ng6 30. Rab1 Be7 31. Rxb5 e5 32. Qb4 exd4 33. Nb3 dxe3 34.
fxe3 Qe6 35. Ba7 Ra8 36. Rxb7+ Ke8 37. Qa4+ Kf7 38. c6 Nh4 39. Nc5 Qe5 40. g3
Nf5 41. Qf4 Kg6 42. Qxe5 fxe5 43. Nd3 Bf6 44. c7 Nd6 45. Rb6 Nc8 46. Nxe5+ Kg7
47. Nd7 Nxb6 48. Bxb6 Rhe8 49. Bc5 Rac8 50. Bd6 Bd4 51. Bf4 Re7 52. Kd3 Bxe3
53. Bxe3 Rxd7 54. Bf4 Kf7 55. Kd4 Ke7 56. Rc6 Kf7 57. Rh6 Kg7 58. Rxh5 Re7 59.
Rg5+ Kf6 60. Rxg4 Rh7 61. h4 Rhh8 62. Be5+ Kf7 63. Rg5 Rh6 64. h5 Ke7 65. Rg7+
Kf8 66. Rd7 Rxh5 67. Bd6+ Kg8 68. Rd8+ 1-0

[Event "Women's National Chess Championship 2015"]
[Site "SLIIT,Malambe"]
[Date "2015.07.11"]
[Round "9"]
[Board "1"]
[White "Rajapaksa, Miyuni Kavinya"]
[Black "Kodikara, K K M Sachintha"]
[Result "1-0"]
[WhiteElo "1591"]
[BlackElo "1505"]
[PlyCount "119"]
[EventDate "2015.07.04"]
[EventRounds "13"]
[EventCountry "SRI"]

1. e4 d5 2. exd5 Qxd5 3. Nc3 Qa5 4. Nf3 Nf6 5. d4 c6 6. Bc4 Bg4 7. h3 Bxf3 8.
Qxf3 e6 9. Bd2 Qc7 10. O-O-O Nbd7 11. g4 Nb6 12. Bb3 O-O-O 13. g5 Ne8 14. Ne2
Na8 15. c4 Qd7 16. Ng3 Nac7 17. Ne4 Nd6 18. Nc5 Qe8 19. Bc3 Nf5 20. Ne4 Be7 21.
d5 cxd5 22. cxd5 Nd6 23. h4 Nxe4 24. Qxe4 exd5 25. Qf5+ Kb8 26. Bxg7 Rg8 27.
Bd4 Qc6+ 28. Kb1 Qe6 29. Bc2 Qxf5 30. Bxf5 Ne6 31. Be5+ Bd6 32. Bf6 Rd7 33.
Bxh7 Rc8 34. Rxd5 Rc5 35. Rhd1 Rxd5 36. Rxd5 Kc7 37. Bf5 Be7 38. Rxd7+ Kxd7 39.
Bxe7 Kxe7 40. Bxe6 Kxe6 41. Kc2 Kf5 42. Kd3 Kg4 43. Ke4 Kxh4 44. Kf5 Kh5 45. f4
Kh4 46. Kf6 Kg4 47. Kxf7 Kxf4 48. g6 Ke3 49. g7 Kd2 50. g8=Q Kc2 51. Qg2+ Kb1
52. b3 b5 53. Ke6 a5 54. Ke5 b4 55. Kd4 Kc1 56. Kd3 Kb1 57. Qc2+ Ka1 58. Kd2 a4
59. Kc1 a3 60. Qb1# 1-0

[Event "Women's National Chess Championship 2015"]
[Site "SLIIT,Malambe"]
[Date "2015.07.11"]
[Round "9"]
[Board "2"]
[White "Saumy, Zainab"]
[Black "Peiris, H Pevinya"]
[Result "0-1"]
[WhiteElo "1570"]
[BlackElo "1607"]
[PlyCount "118"]
[EventDate "2015.07.04"]
[EventRounds "13"]
[EventCountry "SRI"]

1. e4 g6 2. d4 Bg7 3. Nf3 d6 4. Nc3 c6 5. Be3 Nd7 6. Qd2 a6 7. Be2 b5 8. a3 Bb7
9. h4 h6 10. g4 Qc7 11. Rg1 c5 12. d5 Qa5 13. Nh2 O-O-O 14. f4 b4 15. Nd1 Ngf6
16. Bd3 Nb6 17. c4 Nxe4 18. Bxe4 Nxc4 19. Qe2 bxa3+ 20. Kf2 Qb5 21. Rb1 Nxb2
22. Nxb2 Qxe2+ 23. Kxe2 Bxb2 24. Nf3 Bg7 25. Rbc1 e6 26. Rgd1 f5 27. gxf5 gxf5
28. Bd3 Bxd5 29. Bxa6+ Kd7 30. Bc4 Bxc4+ 31. Rxc4 Ke7 32. Nd2 Ra8 33. Nb3 Rhb8
34. Na1 Rb2+ 35. Kf3 a2 36. Rcc1 Rab8 37. Rg1 Kf7 38. Bxc5 dxc5 39. Rxc5 R8b7
40. Ra5 Rb1 41. Rxg7+ Kxg7 42. Rxa2 Rh1 43. Kg3 Kf6 44. Ra3 Rg7+ 45. Kf2 Rh2+
46. Kf1 Rgg2 47. h5 Rb2 48. Kg1 Rhd2 49. Rf3 Rd1+ 50. Rf1 Rbb1 51. Rxd1 Rxd1+
52. Kf2 Rxa1 53. Kg2 e5 54. fxe5+ Kxe5 55. Kh3 Rg1 56. Kh4 Kf4 57. Kh3 Kf3 58.
Kh2 Kf2 59. Kh3 Rh1# 0-1

[Event "Women's National Chess Championship 2015"]
[Site "SLIIT,Malambe"]
[Date "2015.07.11"]
[Round "9"]
[Board "3"]
[White "Abeysinghe, H M H Janandani"]
[Black "Gamage, Nethmi Nirasha"]
[Result "0-1"]
[WhiteElo "1519"]
[BlackElo "1580"]
[PlyCount "74"]
[EventDate "2015.07.04"]
[EventRounds "13"]
[EventCountry "SRI"]

1. e4 e6 2. d4 d5 3. Nc3 Bb4 4. e5 c5 5. a3 Bxc3+ 6. bxc3 Qc7 7. Qg4 Ne7 8.
Qxg7 Rg8 9. Qxh7 cxd4 10. Ne2 Nbc6 11. f4 dxc3 12. Qd3 d4 13. Nxd4 Nxd4 14.
Qxd4 Bd7 15. Qf2 Nf5 16. a4 Qc6 17. Rg1 Qd5 18. Be2 Qe4 19. Qf3 Qd4 20. Qf2 Bc6
21. Bb5 Qe4+ 22. Kf1 Bxb5+ 23. axb5 Rd8 24. Qe2 Qxe2+ 25. Kxe2 Nd4+ 26. Kf2
Nxb5 27. Be3 a6 28. Rgd1 Nc7 29. Bb6 Rxd1 30. Rxd1 Nd5 31. Bd4 Nxf4 32. Bxc3
Rxg2+ 33. Kf3 Rxc2 34. Ba5 Nd5 35. h4 b5 36. h5 Rh2 37. Rc1 Rxh5 0-1

[Event "Women's National Chess Championship 2015"]
[Site "SLIIT,Malambe"]
[Date "2015.07.11"]
[Round "9"]
[Board "4"]
[White "De Silva, Chamindra"]
[Black "Askey, Roshell Nathasha"]
[Result "1/2-1/2"]
[WhiteElo "1544"]
[BlackElo "1606"]
[PlyCount "77"]
[EventDate "2015.07.04"]
[EventRounds "13"]
[EventCountry "SRI"]

1. e4 e6 2. d4 d5 3. Nd2 c5 4. c3 Nc6 5. Ngf3 cxd4 6. cxd4 Bb4 7. Bd3 Nge7 8.
e5 Qb6 9. O-O Bxd2 10. Qxd2 Bd7 11. Bb1 Rc8 12. b3 Qb4 13. Qe3 Qb6 14. Ba3 h6
15. Qd2 Qa5 16. Qxa5 Nxa5 17. Rc1 Rxc1+ 18. Bxc1 Bb5 19. Bd2 Nac6 20. Bc3 Be2
21. Ne1 O-O 22. f3 Rc8 23. Kf2 Ba6 24. Bc2 Nxe5 25. dxe5 Rxc3 26. Rd1 Rc8 27.
f4 Nc6 28. Nf3 Nb4 29. Bb1 Rc3 30. Ne1 g6 31. Rd4 Nc6 32. Rd1 Ne7 33. g3 Kg7
34. Nf3 Rc7 35. Ke3 Rc3+ 36. Kf2 Rc7 37. Ke3 Nc6 38. Rc1 Rd7 39. Rd1 1/2-1/2

[Event "Women's National Chess Championship 2015"]
[Site "SLIIT,Malambe"]
[Date "2015.07.11"]
[Round "9"]
[Board "5"]
[White "Wickramasinghe, Dilhara Ishini"]
[Black "Mendis, Dasuni Hansika"]
[Result "1-0"]
[WhiteElo "1674"]
[BlackElo "1697"]
[PlyCount "63"]
[EventDate "2015.07.04"]
[EventRounds "13"]
[EventCountry "SRI"]

1. d4 Nf6 2. c4 e6 3. a3 d5 4. Nc3 c6 5. e3 Nbd7 6. Bd3 Bd6 7. Nf3 O-O 8. O-O
h6 9. e4 dxe4 10. Nxe4 Nxe4 11. Bxe4 e5 12. Bc2 exd4 13. Qxd4 Bc5 14. Qc3 Qc7
15. Re1 a5 16. b3 Rd8 17. Bb2 Nf6 18. h3 Be6 19. Re2 Rac8 20. Bc1 Nh5 21. Qe5
Ng3 22. Re1 Bd6 23. Qc3 Nh5 24. Bb2 Nf6 25. Rad1 Bc5 26. Rd2 Rxd2 27. Qxd2 Rd8
28. Qe2 Qf4 29. Be5 Bxf2+ 30. Qxf2 Ne4 31. Bxf4 Nxf2 32. Kxf2 {Poor recording}
 1-0

[Event "Women's National Chess Championship 2015"]
[Site "SLIIT,Malambe"]
[Date "2015.07.11"]
[Round "9"]
[Board "6"]
[White "Premanath, Dinushki"]
[Black "Ranasinghe, S D"]
[Result "1/2-1/2"]
[WhiteElo "1833"]
[BlackElo "1783"]
[PlyCount "144"]
[EventDate "2015.07.04"]
[EventRounds "13"]
[EventCountry "SRI"]

1. e4 d5 2. exd5 Qxd5 3. d4 e5 4. Be3 exd4 5. Nc3 Qa5 6. Qxd4 Be6 7. Nf3 Be7 8.
Qe4 Nd7 9. Qxb7 Rb8 10. Qa6 Qb4 11. Qd3 Nc5 12. Qd4 Qa5 13. Bd2 Bf6 14. Qe3 Qb6
15. Bc4 Ne7 16. Bxe6 Qxe6 17. Qxe6 Nxe6 18. Rb1 O-O 19. O-O Rfd8 20. Rfd1 Nc6
21. Ne4 Bxb2 22. Be3 Rxd1+ 23. Rxd1 h6 24. g3 Rb4 25. Ned2 Ra4 26. Kg2 Rxa2 27.
Nb3 Bf6 28. c4 Rc2 29. Rc1 Rxc1 30. Bxc1 a5 31. Ba3 Bc3 32. Kf1 Ncd4 33. Nbxd4
Nxd4 34. Nxd4 Bxd4 35. Ke2 f5 36. f3 Kf7 37. Kd3 Bg1 38. h3 Bf2 39. g4 fxg4 40.
fxg4 Be1 41. Bb2 g6 42. Be5 c6 43. Ke4 Ke6 44. Bg7 h5 45. Be5 Bd2 46. Bd4 Bc1
47. Kd3 Ba3 48. Kc2 Be7 49. Kb3 Bb4 50. Ka4 Kd6 51. Kb3 hxg4 52. hxg4 Be1 53.
Ka4 Bd2 54. Kb3 c5 55. Bb2 Be3 56. Bc3 Bd4 57. Bxa5 Ke5 58. Bc7+ Ke4 59. Ka4
Kf3 60. g5 Kg4 61. Bd8 Be3 62. Kb5 Bxg5 63. Bxg5 Kxg5 64. Kxc5 Kf4 65. Kd5 g5
66. c5 g4 67. c6 g3 68. c7 g2 69. c8=Q g1=Q 70. Qf8+ Kg3 71. Qg7+ Kf2 72. Qxg1+
Kxg1 1/2-1/2

[Event "Women's National Chess Championship 2015"]
[Site "SLIIT,Malambe"]
[Date "2015.07.11"]
[Round "9"]
[Board "7"]
[White "Methmani, Nelunika"]
[Black "Udupitiya, U G S S S"]
[Result "0-1"]
[WhiteElo "1768"]
[BlackElo "1647"]
[PlyCount "56"]
[EventDate "2015.07.04"]
[EventRounds "13"]
[EventCountry "SRI"]

1. d4 Nf6 2. c4 e6 3. Nc3 b6 4. e4 Bb4 5. Bd3 Bb7 6. f3 O-O 7. Qc2 h6 8. g4 d5
9. cxd5 exd5 10. e5 Nfd7 11. a3 Be7 12. Nge2 c5 13. f4 cxd4 14. Nxd4 Bh4+ 15.
Kd1 Nc5 16. Be3 Nc6 17. Ncb5 Nxd4 18. Bxd4 Ne4 19. Bxe4 dxe4 20. Nd6 Be7 21.
Nxb7 Qxd4+ 22. Ke2 Rac8 23. Qd2 Qc4+ 24. Kf2 Qb3 25. Rac1 Qf3+ 26. Kg1 e3 27.
Qe1 Rxc1 28. Qxc1 Qf2# 0-1

[Event "Women's National Chess Championship 2015"]
[Site "SLIIT,Malambe"]
[Date "2015.07.11"]
[Round "10"]
[Board "1"]
[White "Kodikara, K K M Sachintha"]
[Black "Udupitiya, U G S S S"]
[Result "0-1"]
[WhiteElo "1505"]
[BlackElo "1647"]
[PlyCount "110"]
[EventDate "2015.07.04"]
[EventRounds "13"]
[EventCountry "SRI"]

1. Nf3 c5 2. g3 d6 3. Bg2 Nc6 4. d3 g6 5. O-O Bg7 6. e4 e6 7. Nc3 Nge7 8. Nd2
O-O 9. Ne2 Rb8 10. f4 Bd7 11. Rb1 b5 12. b3 Qa5 13. a3 Qb6 14. Kh1 a5 15. Bb2
Nd4 16. Nf3 Nxf3 17. Bxf3 d5 18. Bxg7 Kxg7 19. exd5 Nxd5 20. Bxd5 exd5 21. d4
Bf5 22. dxc5 Qxc5 23. Qd4+ Qxd4 24. Nxd4 Be4+ 25. Kg1 Rfc8 26. Rbc1 Rc3 27. Kf2
b4 28. axb4 axb4 29. Rfe1 Rbc8 30. Re3 R3c5 31. Re2 Kf6 32. Ke1 Ra5 33. Kd1 Ke7
34. Rd2 Kd6 35. Re2 Rca8 36. Kd2 Kc5 37. Ke3 Kd6 38. Kd2 Ra2 39. Rf2 Kc5 40.
Nf3 Rxc2+ 41. Kd1 Rxc1+ 42. Kxc1 Bxf3 43. Rxf3 Kd4 44. Rf2 Rc8+ 45. Kb2 Ke3 46.
Rf1 Rc7 47. Rd1 d4 48. Rg1 d3 49. Re1+ Kf2 50. Rd1 Ke2 51. Rg1 d2 52. Rg2+ Ke3
53. Rxd2 Kxd2 54. Ka2 Kc2 55. Ka1 Ra7# 0-1

[Event "Women's National Chess Championship 2015"]
[Site "SLIIT,Malambe"]
[Date "2015.07.11"]
[Round "10"]
[Board "2"]
[White "Ranasinghe, S D"]
[Black "Methmani, Nelunika"]
[Result "0-1"]
[WhiteElo "1783"]
[BlackElo "1768"]
[PlyCount "166"]
[EventDate "2015.07.04"]
[EventRounds "13"]
[EventCountry "SRI"]

1. Nf3 Nf6 2. g3 g6 3. Bg2 Bg7 4. O-O O-O 5. c4 d6 6. Nc3 e5 7. d3 Nc6 8. Rb1
Be6 9. Bg5 Qd7 10. Re1 h6 11. Bd2 e4 12. Nxe4 Nxe4 13. dxe4 Bxc4 14. Qc1 Bxa2
15. Ra1 Be6 16. Bxh6 Rfe8 17. Bxg7 Kxg7 18. Ng5 f6 19. Qc3 Rh8 20. Nxe6+ Qxe6
21. h4 Rh5 22. b4 Qe5 23. Qc4 Qb5 24. Qe6 Re5 25. Qd7+ Re7 26. Qg4 Qxb4 27.
Rab1 Qa5 28. f4 Rh8 29. Kf2 b6 30. e5 fxe5 31. f5 Rh6 32. f6+ Kxf6 33. Qg5+ Kg7
34. Bxc6 Qc5+ 35. Kf1 Rf7+ 36. Bf3 e4 37. Qxc5 dxc5 38. Kg2 exf3+ 39. exf3 Rh5
40. Rbd1 c4 41. g4 Rxh4 42. Rc1 Rh8 43. Rxc4 c5 44. Kg3 Rc8 45. g5 b5 46. Rh4
Rh8 47. Rhe4 c4 48. Rb1 a6 49. Ra1 Ra8 50. Re6 c3 51. Rc6 b4 52. Ra5 Rb7 53.
Rd5 Kh7 54. Rdd6 Rg8 55. Rd4 Rgg7 56. Rh4+ Kg8 57. Rc8+ Kf7 58. Rf4+ Ke7 59.
Re4+ Kd7 60. Rcc4 a5 61. Red4+ Ke8 62. Rc8+ Ke7 63. Rc5 Rg8 64. Rc6 b3 65. Rdd6
Rd7 66. Re6+ Kd8 67. Rxc3 Rb7 68. Re1 b2 69. Rb1 Kd7 70. Rc2 Rgb8 71. Rc5 Rb5
72. Rd1+ Ke6 73. Rc6+ Kf5 74. f4 Rb3+ 75. Kf2 b1=Q 76. Rf6+ Kg4 77. Rxb1 Rxb1
78. Rxg6 R8b3 79. f5 R1b2+ 80. Ke1 Kxf5 81. Rf6+ Kxg5 82. Rf8 Rh3 83. Rg8+ Kf6
 0-1

[Event "Women's National Chess Championship 2015"]
[Site "SLIIT,Malambe"]
[Date "2015.07.11"]
[Round "10"]
[Board "3"]
[White "Mendis, Dasuni Hansika"]
[Black "Premanath, Dinushki"]
[Result "1/2-1/2"]
[WhiteElo "1697"]
[BlackElo "1833"]
[PlyCount "91"]
[EventDate "2015.07.04"]
[EventRounds "13"]
[EventCountry "SRI"]

1. e4 e6 2. d4 d5 3. exd5 exd5 4. c3 Nf6 5. Nf3 c6 6. Bd3 Bd6 7. O-O Be6 8. Re1
O-O 9. Qc2 Qc7 10. h3 h6 11. Nbd2 Nbd7 12. Nf1 Rfe8 13. Ne3 Ne4 14. c4 Nxf2 15.
Qxf2 Bg3 16. Qf1 Bxe1 17. Nxe1 dxc4 18. Bxc4 Bxc4 19. Qxc4 Qf4 20. N1c2 Nb6 21.
Qb3 Qg3 22. Bd2 Rad8 23. Rf1 Qg6 24. Ba5 Rd7 25. Bxb6 axb6 26. Qxb6 Rde7 27.
Qb3 b5 28. Rf3 Kh8 29. d5 cxd5 30. Qxd5 Qb6 31. Qb3 f5 32. Kf1 Qd6 33. g3 Qd2
34. Qc3 Qxc3 35. bxc3 g6 36. Kf2 Rc7 37. Nd5 Rc5 38. Ncb4 Kg7 39. Nf4 Rce5 40.
Nbd3 R5e7 41. g4 fxg4 42. hxg4 Re4 43. Nc5 R4e5 44. Ncd3 R5e7 45. Nb4 Ra7 46.
Kf1 1/2-1/2

[Event "Women's National Chess Championship 2015"]
[Site "SLIIT,Malambe"]
[Date "2015.07.11"]
[Round "10"]
[Board "4"]
[White "Askey, Roshell Nathasha"]
[Black "Wickramasinghe, Dilhara Ishini"]
[Result "0-1"]
[WhiteElo "1606"]
[BlackElo "1674"]
[PlyCount "76"]
[EventDate "2015.07.04"]
[EventRounds "13"]
[EventCountry "SRI"]

1. e4 c5 2. Nf3 d6 3. d4 cxd4 4. Nxd4 Nf6 5. Nc3 g6 6. Be3 Bg7 7. f3 O-O 8. Bc4
Nc6 9. Qd2 Bd7 10. O-O-O Rc8 11. Bb3 Ne5 12. g4 b5 13. h4 b4 14. Nd5 Nxd5 15.
Bxd5 e6 16. Bb3 a5 17. h5 a4 18. hxg6 axb3 19. Qh2 fxg6 20. Nxb3 Qc7 21. Nd4
Kf7 22. Bg5 Rh8 23. Bh4 Ra8 24. Qf4+ Kg8 25. Be7 Nf7 26. g5 e5 27. Qe3 exd4 28.
Qb3 Ba4 29. Qd3 Qxe7 30. Qc4 Qb7 31. Rde1 Rc8 32. Qd3 Rxc2+ 33. Kb1 Rc5 34. Qe2
Bc2+ 35. Ka1 d3 36. Qd2 Ra5 37. Rc1 Rxa2+ 38. Kxa2 Qa6# 0-1